The essence of opera /

Bibliographic Details
Main Author: Weisstein, Ulrich
Format: Book
Language:English
Published: [New York] : Free Press of Glencoe, [1964]
Subjects:

MARC

Tag First Indicator Second Indicator Subfields
LEADER 00000cam a2200000 4500
001 in00000028717
005 20151007062817.0
008 740604s1964 nyu 00010 eng u
010 |a  64020306  
035 |a (OCoLC)00908080 
035 |9 AAD5844AM 
040 |c KSU  |d OCL  |d TXA  |d UtOrBLW 
049 |a TXAM  |c [470658] 
050 0 0 |a ML1700  |b .W35 
092 |a 782.109  |b W433e 
100 1 |a Weisstein, Ulrich. 
245 1 4 |a The essence of opera /  |c edited and annotated by Ulrich Weisstein. 
264 1 |a [New York] :  |b Free Press of Glencoe,  |c [1964] 
300 |a xii, 372 pages ;  |c 22 cm. 
336 |a text  |b txt  |2 rdacontent 
337 |a unmediated  |b n  |2 rdamedia 
338 |a volume  |b nc  |2 rdacarrier 
650 0 |a Opera. 
999 |a MARS 
999 f f |s e660e85c-25b0-36e5-a63d-903dea728673  |i 00820254-e801-3a49-ac91-860dc78c51f6  |t 0 
952 f f |p ric  |a Texas A&M University  |b Rellis Campus  |c Joint Library Facility  |d Remote Storage  |t 0  |e ML1700 .W35  |h Library of Congress classification  |i unmediated -- volume  |m A14801170902 
998 f f |a ML1700 .W35  |t 0  |l Remote Storage